00938nam a2200289 45000010008000000030004000080050017000120080041000290100017000700200015000870400018001020820016001201000029001362450127001652600038002923000019003303500010003495040029003596500033003886500023004216500016004447000021004609060045004819420012005269990015005389520095005533132398OSt20230619113047.0721110s1972 pau b 001 0 eng  a 72003986  a0397009178 aDLCcDLCdDLC00a301.31bLOR1 aLoraine, John Alexander.14aThe death of tomorrowc[by] John A. Loraine in association with R. D. E. Rumsey. With a foreword by the Duke of Edinburgh. aPhiladelphia,bLippincottc[1972] a376 p.c23 cm. a$8.95 aIncludes bibliographies. 0aPollutionxEconomic aspects. 0aNatural resources. 0aPopulation.1 aRumsey, R. D. E. a7bcbccorignewd2eocipf19gy-gencatlg 2ddccBK c1243d1243 00102ddc4070a002b002d2023-06-19l0o301.31 LORp10000972r2023-06-19w2023-06-19yBK